Seremban and Port Dixkson districts, Negri Sembilan

Bibliographic Details
Main Author: SALLEH bin Mohd. Nor
Format: Book
Published: (Kepong) : Forest Research Institute , 1968
Series:Forest resources reconnaissance survey report; no. 20
Subjects:

MARC

LEADER 00000cam a2200000 7i4500
001 0000001682
005 20011017.0
090 0 0 |a 634.9285   |b SAL 1968 
100 0 0 |a SALLEH bin Mohd. Nor 
245 1 0 |a Seremban and Port Dixkson districts, Negri Sembilan   |c by Salleh bin Mohd. Nor 
260 0 0 |a (Kepong) :   |b Forest Research Institute ,   |c 1968 
300 |a 1v. (various pagings) :   |b ill., graphs, maps (2 fold. in pocket), tables ;   |c 33 cm. 
440 0 0 |a Forest resources reconnaissance survey report; no. 20 
650 0 0 |a Forest surveys   |z Malaysia   |z Negeri Sembilan 
650 0 0 |a Forests and forestry   |x Mensuration 
650 0 0 |a Surveys 
998 |a JPSM 
999 |a 0000002615   |b Monograph   |c Open Shelf   |e Default branch 
999 |a 0000002968   |b Monograph   |c Open Shelf   |e Default branch